Statistics for Eurovision 2017 - semi finals running order

Click here to take the quiz!

General Stats

  • This quiz has been taken 21 times
  • The average score is 17 of 37

Answer Stats

HintAnswer% Correct
1Sweden
100%
1Georgia
64%
1Portugal
64%
2Serbia
57%
1Albania
50%
2Austria
50%
1Belgium
50%
2Bulgaria
50%
2FYR Macedonia
50%
1Greece
50%
2Israel
50%
1Latvia
50%
2Malta
50%
1Slovenia
50%
1Australia
43%
1Cyprus
43%
2Estonia
43%
1Finland
43%
2Hungary
43%
1Iceland
43%
2Ireland
43%
2Lithuania
43%
1Moldova
43%
1Montenegro
43%
2Netherlands
43%
2Norway
43%
1Poland
43%
2Romania
43%
2Russia
43%
2San Marino
43%
2Switzerland
43%
1Armenia
36%
1Azerbaijan
36%
2Belarus
36%
2Croatia
36%
1Czech Republic
36%
2Denmark
36%

Score Distribution

Percentile by Number Answered

Percent of People with Each Score

Your Score History

You have not taken this quiz